000 00765cam a2200253 a 4500
999 _c2440
_d2440
003 CaAEU
005 20210709101006.0
008 981125s1998 enka b 001 0 eng d
020 _a978072791199
040 _cALUPE UNIVERSITY
050 4 _aRD85
_b.S65 1998
090 _aRD 85 I6 S65 1998
_bAEU
100 1 _aSmith, Ian.
245 1 0 _aTotal intravenous anaesthesia /
_cIan Smith, Paul F. White.
260 _aLondon :
_bBMJ Books,
_c1998.
300 _aix, 153 p. :
_bill. ;
_c24 cm.
336 _atext
_btxt
_2rdacontent
337 _aunmediated
_bn
_2rdamedia
338 _avolume
_bnc
_2rdacarrier
504 _aIncludes bibliographical references and index.
650 0 _aIntravenous anesthesia.
700 1 _aWhite, Paul F.,
_d1948-
942 _2lcc
_cBK
_nDO